Bản đồ tổng quát của Tổ chức Y tế thế giới về y học cổ truyền, bổ sung và thay thế /

Αποθηκεύτηκε σε:
Λεπτομέρειες βιβλιογραφικής εγγραφής
Κύριος συγγραφέας: Nguyễn Khang.
Μορφή: Άρθρο
Γλώσσα:Vietnamese
Θέματα:
Ετικέτες: Προσθήκη ετικέτας
Δεν υπάρχουν, Καταχωρήστε ετικέτα πρώτοι!
Thư viện lưu trữ: Thư viện Trường Đại học Đà Lạt
LEADER 00821nam a2200265 4500
001 DLU100110928
005 ##20100823
040 # # |a DLU  |b vie 
041 # # |a vie 
044 # # |a vn 
100 # # |a Nguyễn Khang. 
245 # # |a Bản đồ tổng quát của Tổ chức Y tế thế giới về y học cổ truyền, bổ sung và thay thế /  |c Nguyễn Khang. 
653 # # |a Chăm sóc sức khỏe 
653 # # |a Dược liệu 
653 # # |a Y học cổ truyền 
773 # # |t Tạp chí Dược học  |g Số 7(387), 2008, tr. 42-43 
920 # # |a Phòng Tạp chí -- Trung tâm Thông tin - Thư viện Trường Đại học Đà Lạt 
994 # # |a DLU 
900 # # |a True 
911 # # |a Nguyễn Thị Linh Chi 
925 # # |a G 
926 # # |a A 
927 # # |a BB 
980 # # |a Thư viện Trường Đại học Đà Lạt